000 00581nam a2200193Ia 4500
003 GCL
008 140319s9999 xx 000 0 eng d
040 _aGCL /
_cGCL
082 0 4 _a330.121
_bM T
100 1 _aMUHAMMAD NEJATULLAH SIDDIQI
245 1 0 _aTEACHING ECONOMICS IN ISLAMIC PERSPECTIVE /
_cMUHAMMAD NEJATULLAH SIDDIQI
260 _aالرياض :
_bKING ABDULAZIZ UNIVERSITY
300 _a24 CM ؛
_c244 P
650 0 4 _aECONOMICS
650 0 4 _aPLANNING
650 0 4 _aECONOMICS - RELIGIOUS ASPECTS - ISLAM
650 0 4 _aECONOMICS - STUDY AND TEACHING
942 _2ddc
_cBK
999 _c7024
_d7024